Econometrics by example (Record no. 25787)
[ view plain ]
| 000 -LEADER | |
|---|---|
| fixed length control field | 00744 a2200169 4500 |
| 020 ## - INTERNATIONAL STANDARD BOOK NUMBER | |
| ISBN | 9781137607348 |
| 082 ## - DEWEY DECIMAL CLASSIFICATION NUMBER | |
| Classification number | 330.015195 |
| Item number | ECO- |
| 100 ## - MAIN ENTRY--AUTHOR NAME | |
| Personal name | Gujarati,Damodar |
| 245 ## - TITLE STATEMENT | |
| Title | Econometrics by example |
| 250 ## - EDITION STATEMENT | |
| Edition statement | 2nd Edition |
| 260 ## - PUBLICATION, DISTRIBUTION, ETC. (IMPRINT) | |
| Name of publisher | Palgrave |
| Year of publication | 2015 |
| Place of publication | Gujarat |
| 300 ## - PHYSICAL DESCRIPTION | |
| Number of Pages | xxix, 465p |
| 504 ## - BIBLIOGRAPHY, ETC. NOTE | |
| Bibliography, etc | Include Index |
| 520 ## - SUMMARY, ETC. | |
| Summary, etc | The second edition of this bestselling textbook retains its unique learning-by-doing approach to the study of econometrics. Rather than relying on complex theoretical discussions and complicated mathematics, this book explains econometrics from a practical point of view by walking the student through real-life examples, step by step. |
| 650 ## - SUBJECT ADDED ENTRY--TOPICAL TERM | |
| Topical Term | Econometrics |
| Form subdivision | Regression analysis |
| 942 ## - ADDED ENTRY ELEMENTS (KOHA) | |
| Source of classification or shelving scheme | Dewey Decimal Classification |
| Koha item type | Books |
| Withdrawn status | Lost status | Damaged status | Not for loan | Home library | Current library | Date acquired | Source of acquisition | Cost, normal purchase price | Bill Date | Full call number | Accession Number | Cost, replacement price | Price effective from | Koha item type |
|---|---|---|---|---|---|---|---|---|---|---|---|---|---|---|
| NASSDOC Library | NASSDOC Library | 26/12/2019 | OP | 479.14 | 2019-12-20 | 330.015195 ECO- | 50606 | 656.36 | 26/12/2019 | Books |
